00821nam a2200241 a 450000100100000000500170001000800410002704000130006808200170008110000280009824500640012626000580019030000430024844000110029150000210030250400530032360000390037665000390041565000390045465100300049365100300052365100260055300000477220200929151512.0090727s2006 sp abc 001 0 spa d aDO-SdBNP a923.1bC355f1 aRamonet, Ignaciod1926-10aFidel Castro :bbiografía a dos voces /cIgnacio Ramonet. aBarcelona, España :bRandom House Mondadori,c2006. a655 p. :bil., mapa., retrs. ;c24 cm. 4aDebate aIncluye índice aIncluye referencias bibliográficas (p.637-641)14aCASTRO, FIDEL,d1926-xENTREVISTAS 4aJefes de estadozCubaxBiografía 4aJefes de estadozCubaxEntrevistas 4aCubaxHistoriay1933-1959 4aCubaxHistoriay1959-1990 4aCubaxHistoriay1990-